header

Magical Marxism (Record no. 219415)

MARC details
000 -LEADER
fixed length control field 01902nam a2200373 a 4500
100 1# - MAIN ENTRY--AUTHOR NAME
Personal name Merrifield, Andy.
245 10 - TITLE STATEMENT
Title Magical Marxism
260 ## - PUBLICATION, DISTRIBUTION, ETC. (IMPRINT)
Place of publication London ;
-- New York :
Name of publisher Pluto Press ;
Place of publication New York :
Name of publisher Distributed in the United States of America exclusively by Palgrave Macmillan,
Year of publication 2011.
300 ## - PHYSICAL DESCRIPTION
Number of Pages xx, 220 p.
490 1# - SERIES STATEMENT
Series statement Marxism and culture
505 0# - FORMATTED CONTENTS NOTE
Formatted contents note The circulation of revolt : real and fictitious Marxism -- Living an illusion : beyond the reality of realism -- Subscribing to the imaginary party : notes on a politics of neo-communism -- Spontaneous overflow of powerful feeling : activism and immateriality -- Militant optimism and the great escape from capitalism -- Macondo of the mind : imagination seizes power -- Butterflies, owls, and little gold fishes : conjuring up revolutionary magic.
650 #0 - SUBJECT ADDED ENTRY--TOPICAL TERM
Topical Term Communism
Topical Term Communism and society.
856 40 - ELECTRONIC LOCATION AND ACCESS
Uniform Resource Identifier http://site.ebrary.com/lib/rucke/Doc?id=10479633

No items available.

© 2026 Rongo University
Contact us: librarian | system librarian | Rongo university